000 00285nam a2200097Ia 4500
008 220204s9999 xx 000 0 und d
082 _a581.1(031)
_bENC.6
245 0 _aEncyclopedia of plant physiology. New series. V 6. Photosynthesis II
260 _aBerlin
_bSpringer
_c1979
942 _cBK
999 _c33681
_d33681